000 00947nam a2200181Ia 4500
008 090630s9999 xx 000 0 und d
082 _b28856
100 _aसंपा. पधान ग. प्र. / जाधव रा. ग.
245 _aनिवडक साधना खंड 6 - सामाजिक व सांस्कृतिक.
_cसंपा. पधान ग. प्र. / जाधव रा. ग.
260 _bसाधना - पुणे.
_c2007
300 _a224
600 _aसंपा. पधान ग. प्र. / जाधव रा. ग.
630 _aनिवडक साधना खंड 6 - सामाजिक व सांस्कृतिक.
655 _aइतर.
700 _aसंपा. पधान ग. प्र. / जाधव रा. ग.
730 _aनिवडक साधना खंड 6 - सामाजिक व सांस्कृतिक.
942 _cBOOK
999 _c280712
_d280712